| 000 | 01351nam a22003737a 4500 | ||
|---|---|---|---|
| 003 | CHAP | ||
| 005 | 20220329133943.0 | ||
| 008 | 971013s1993 r 00010 d | ||
| 010 | _a13190 | ||
| 011 | _a14162 | ||
| 035 | _a18235 | ||
| 040 | _cCHAP | ||
| 090 | _aTesis | ||
| 100 | 0 | 0 |
_aGonzález Ferrufino, Raúl Antonio. _948895 |
| 245 | _aEstudio del efecto de cuatro niveles de poda en el contenido nutricional producción y desarrollo del tomate (Lycopersicum esculentum, Mill) | ||
| 260 |
_aMonterrey, N. L. : _bEl autor, _c1993 |
||
| 300 | _a78 h. | ||
| 502 | _aTesis (M. C. Esp. en Productividad Agropecuaria) -- ITESM. División de Graduados en Agricultura | ||
| 590 |
_aALEPH _b10 _c20130110 _lUCH01 _h1232 |
||
| 590 |
_aBATCH-UPD _b10 _c20130110 _lUCH01 _h0223 |
||
| 590 |
_aBATCH-UPD _b10 _c20130110 _lUCH01 _h1118 |
||
| 590 |
_aBATCH-UPD _b10 _c20130409 _lUCH01 _h2244 |
||
| 590 |
_aBATCH-UPD _b10 _c20130410 _lUCH01 _h1329 |
||
| 590 |
_aBATCH-UPD _b10 _c20130914 _lUCH01 _h2048 |
||
| 590 |
_aCONVERSION _b10 _c20130109 _lUCH01 _h1309 |
||
| 650 | 1 | 4 |
_aTomate _xCalidad. _9113692 |
| 650 | 1 | 4 |
_aTomate _xElementos minerales. _9113709 |
| 650 | 1 | 4 |
_aTomate _xNuevo León. _9113746 |
| 650 | 1 | 4 |
_aTomate _xPoda. _9113750 |
| 650 | 1 | 4 |
_aTomate _xRendimiento. _9113761 |
| 901 | _aBK | ||
| 942 | _cTESIS | ||
| 949 |
_bBC _cTES _d-42602 _eTS1 _h30238 _i18235 _si |
||
| 999 |
_c13190 _d13190 |
||